000 01492cad a22002655a 4500
001 L143137
008 080409s2008 xxk f 000 0 eng d
035 _a(Sirsi) u143137
041 0 _aeng
050 0 4 _a696.9 $2 18
100 1 _aMoore, Richard
245 0 0 _aHow low
_bachieving optimal carbon savings from the UK's existing housing stock
_h[electronic resource]
260 _aGodalming
_bWWF-UK
_c2008
520 _aInvestigates the measures, market transformation and behavioural changes needed to ensure the UK meets its 2020 and 2050 targets for residential carbon emissions. Reveals that short payback energy efficiency measures do not go far enough; significant numbers of low and zero carbon technologies and solid wall insulation are required. Recommends a range of policy measures to improve residential energy efficiency. These include fiscal measures, low interest loan scheme, Supplier Obligation, minimum standards at point of house sale, reforming the energy market, and evaluating personal carbon trading or carbon taxes.
521 2 _aAdvanced
590 _aKA NTK
651 4 _aUnited Kingdom
_y
690 _aBUILT ENVIRONMENT-SUSTAINABLE CONSTRUCTION
690 _aResidential property
_96266
710 2 _aWWF-UK
710 2 _aCentre for Sustainable Energy
_95011
710 2 _aAssociation for the Conservation of Energy
_95198
856 4 0 _uhttps://www.wwf.org.uk/news/n_0000004937.asp
_zView the report free of charge at www.wwf.org.uk...
942 _n0
999 _c108075
_d108075